Environmental science: (Record no. 14169)

000 -LEADER
fixed length control field 00636nam a22001937a 4500
008 - FIXED-LENGTH DATA ELEMENTS--GENERAL INFORMATION
fixed length control field 160927b xxu||||| |||| 00| 0 eng d
020 ## - INTERNATIONAL STANDARD BOOK NUMBER
International Standard Book Number 9780073383255
020 ## - INTERNATIONAL STANDARD BOOK NUMBER
International Standard Book Number 0073383252
050 ## - LIBRARY OF CONGRESS CALL NUMBER
Classification number GE 105 .C86 2012
100 ## - MAIN ENTRY--PERSONAL NAME
Personal name Cunningham,William P.
245 ## - TITLE STATEMENT
Title Environmental science:
Remainder of title a global concern/
Statement of responsibility, etc. William P. Cunningham and Mary Ann Cunningham
250 ## - EDITION STATEMENT
Edition statement 12th ed.
260 ## - PUBLICATION, DISTRIBUTION, ETC. (IMPRINT)
Place of publication, distribution, etc. New York:
Name of publisher, distributor, etc. McGraw Hill,
Date of publication, distribution, etc. 2012
300 ## - PHYSICAL DESCRIPTION
Extent xxiii, 613p. :
Other physical details ill. ;
500 ## - GENERAL NOTE
General note Includes index.
650 ## - SUBJECT ADDED ENTRY--TOPICAL TERM
Topical term or geographic name as entry element Environmental science
General subdivision Textbooks
700 ## - ADDED ENTRY--PERSONAL NAME
Personal name Cunningham, Mary Ann
942 ## - ADDED ENTRY ELEMENTS (KOHA)
Source of classification or shelving scheme
Koha item type Hard Covered Materials
Classification part GE 105 .C86 2012
Koha issues (borrowed), all copies 3
Holdings
Withdrawn status Lost status Source of classification or shelving scheme Damaged status Not for loan Home library Current library Shelving location Date acquired Source of acquisition Total Checkouts Full call number Barcode Date last seen Date last checked out Price effective from Koha item type
          MACHAKOS UNIVERSITY LIBRARY MACHAKOS UNIVERSITY LIBRARY Open shelf 27/09/2016 Donation (BFA) 3 GE 105 .C86 2012 25677 07/06/2019 01/04/2019 27/09/2016 Hard Covered Materials
© Machakos University Library, Along The Highway, Machakos Wote Rd, Machakos, Kenya P.O. Box 136 - 90100 Machakos - Kenya

Tel: ( +254 ) 723 805829 OR Fax : 044-20353 OR Email: library@mksu.ac.ke